00505nam a2200133 a 450000100100000000500170001000800410002704000250006824500730009326000620016630000210022895201050024999900170035400002718520200930030646.0110330s1946 dr 000 0 spa d aDO-SdBNPbspacBNPHU00aManifiesto de los empleados públicos de la República Dominicana. aCiudad Trujillo, República Dominicana :b[s.n.],c1946. a252 p. ;c23 cm. 0010718PDaPDbPDcCTd2013-05-28iLF1l0o p27185-10r2020-06-25w2020-06-25yLFPDZNo se presta c26677d26677